000 00513cam a2200205ua 4500
001 10717
005 20260515114643.0
008 190329n ii |||gr||||Z||||||eng
020 _a9788131733127
040 _cMAIN
082 _a320.954
100 _aHoveyda Abbas,
_eAuthor.
245 _aIndian government and politics
260 _aDelhi:
_bPearson,
_c2011.
300 _a336p.
653 _aPolitical science
700 _aRanjay Kumar,
_eAuthor.
700 _aMohammed Aftab Alam,
_eAuthor.
942 _cBK
999 _c9674
_d9674